00622nam a22001577a 4500003000400000082001800004100001800022245020100040260004400241300000700285650001900292653001900311942001200330952010500342999001700447SGT a617.632bC23S aSaksena, Neha aComparative Evaluation of Root Planing Procedure in Periodontitis Patients using Magnification Loupes, Surgical operating microscope and unaided vision techniques bA Clinico-Microbiological Study aGurugram, HaryanabSGT Universityc2023 a67 aPeriodontology aPeriodontology 2ddccTH 00102ddc405171aFDbFDd2023-02-11l0o617.632 C23SpDT1492r2023-02-11 00:00:00w2023-02-11yTH c23792d23792